[Event "EU-ch U18"]
[Site "Prague"]
[Date "2024.08.28"]
[Round "6"]
[White "Koutlas, Nikolaos"]
[Black "Macias Pino, Diego"]
[Result "1-0"]
[WhiteElo "2322"]
[BlackElo "2477"]
[PlyCount "73"]
[EventDate "2024.08.22"]
[EventType "swiss"]
[EventRounds "9"]
[EventCountry "CZE"]
[SourceTitle "CBM 221 Extra"]
[Source "ChessBase"]
[SourceDate "2024.09.30"]
[SourceVersion "1"]
[SourceVersionDate "2024.09.30"]
[SourceQuality "1"]

1. d4 Nf6 2. c4 e6 3. Nc3 Bb4 4. Qc2 h6 5. a3 Bxc3+ 6. Qxc3 b6 7. Qg3 Nc6 8. d5 Ne7 9. e4 d6 10. dxe6 Bxe6 11. Bd3 Ng6 12. f4 Qe7 13. Ne2 Bg4 14. Nc3 h5 15. h3 h4 16. Qf2 Bd7 17. 0-0 0-0 18. Qf3 Rfe8 19. Bd2 c6 20. Rae1 a6 21. Kh1 b5 22. c5 dxc5 23. e5 Nd5 24. e6 Nf6 25. f5 Nf8 26. exd7 Qxd7 27. Bg5 Qd4 28. Bxf6 gxf6 29. Be4 Rac8 30. Bxc6 Rxe1 31. Rxe1 Qd2 32. Qg4+ Kh8 33. Qxh4+ Nh7 34. Bd5 b4 35. Ne4 Qxd5 36. Qxh7+ Kxh7 37. Nxf6+ 1-0

[Event "EU-ch U18"]
[Site "Prague"]
[Date "2024.08.25"]
[Round "4"]
[White "Koutlas, Nikolaos"]
[Black "Stalmach, Richard"]
[Result "1/2-1/2"]
[WhiteElo "2322"]
[BlackElo "2443"]
[PlyCount "89"]
[EventDate "2024.08.22"]
[EventType "swiss"]
[EventRounds "9"]
[EventCountry "CZE"]
[SourceTitle "CBM 221 Extra"]
[Source "ChessBase"]
[SourceDate "2024.09.30"]
[SourceVersion "1"]
[SourceVersionDate "2024.09.30"]
[SourceQuality "1"]

1. e4 c5 2. Nf3 d6 3. Bb5+ Bd7 4. Bxd7+ Nxd7 5. 0-0 Ngf6 6. Re1 g6 7. c3 Bg7 8. d4 0-0 9. h3 Rc8 10. d5 b5 11. a4 b4 12. c4 Ne8 13. Ra2 h6 14. Bf4 e5 15. dxe6 fxe6 16. Bxd6 Nxd6 17. Qxd6 Rxf3 18. gxf3 Ne5 19. Qxd8+ Rxd8 20. Kf1 Rd3 21. Re3 Rd1+ 22. Re1 Rxe1+ 23. Kxe1 Nd3+ 24. Kd1 Nxb2+ 25. Rxb2 Bxb2 26. Nd2 Bd4 27. Ke2 g5 28. Nb3 Kf7 29. Na5 Kf6 30. Nb3 Ke5 31. Nc1 Bxf2 32. Nd3+ Kd4 33. Nxf2 Kxc4 34. Nd3 Kc3 35. Nxc5 b3 36. e5 a5 37. Kd1 Kb4 38. Nd3+ Kxa4 39. Kd2 Kb5 40. Kc3 a4 41. f4 gxf4 42. Nxf4 Kc5 43. h4 Kc6 44. h5 Kc5 45. Nxe6+ 1/2-1/2

[Event "EU-ch U18"]
[Site "Prague"]
[Date "2024.08.23"]
[Round "2"]
[White "Kusiak, Mateusz"]
[Black "Koutlas, Nikolaos"]
[Result "0-1"]
[WhiteElo "1887"]
[BlackElo "2322"]
[PlyCount "94"]
[EventDate "2024.08.22"]
[EventType "swiss"]
[EventRounds "9"]
[EventCountry "CZE"]
[SourceTitle "CBM 221 Extra"]
[Source "ChessBase"]
[SourceDate "2024.09.30"]
[SourceVersion "1"]
[SourceVersionDate "2024.09.30"]
[SourceQuality "1"]

1. e4 c5 2. c3 e6 3. d4 d5 4. exd5 exd5 5. Nf3 Nf6 6. Bb5+ Nc6 7. 0-0 Be7 8. dxc5 Bxc5 9. Nbd2 0-0 10. Nb3 Bb6 11. Re1 Bg4 12. Be3 Ne4 13. Qc2 Bxf3 14. gxf3 Nd6 15. Bd3 Qh4 16. Bxb6 axb6 17. Qd2 Rfd8 18. Qe3 Re8 19. Qxb6 Ne5 20. Rxe5 Rxe5 21. Qxd6 Qf4 22. Qb4 Qxf3 23. Bb5 Rg5+ 24. Kf1 Qg2+ 25. Ke2 Re5+ 26. Kd3 Qxf2 27. Nd2 Qf5+ 28. Kd4 b6 29. Bd7 Re4+ 30. Kd3 Re6+ 31. Kd4 Qg4+ 32. Kxd5 Qxb4 33. cxb4 Rd8 34. Kc4 Rxd7 35. Nb3 Re5 36. a4 Rc7+ 37. Kd4 Rh5 38. b5 Rh4+ 39. Kd5 Rb4 40. Rc1 Rxc1 41. Nxc1 Rxa4 42. Nd3 f5 43. Kc6 Rd4 44. Ne5 Re4 45. Kd5 Re2 46. b4 f4 47. Kd4 Rxe5 0-1

[Event "EU-ch U18"]
[Site "Prague"]
[Date "2024.08.22"]
[Round "1"]
[White "Koutlas, Nikolaos"]
[Black "Jusufi, Ahmet"]
[Result "1-0"]
[WhiteElo "2322"]
[BlackElo "1987"]
[PlyCount "53"]
[EventDate "2024.08.22"]
[EventType "swiss"]
[EventRounds "9"]
[EventCountry "CZE"]
[SourceTitle "CBM 221 Extra"]
[Source "ChessBase"]
[SourceDate "2024.09.30"]
[SourceVersion "1"]
[SourceVersionDate "2024.09.30"]
[SourceQuality "1"]

1. e4 c5 2. Nf3 d6 3. Bc4 Nc6 4. 0-0 e6 5. Re1 Be7 6. c3 d5 7. exd5 exd5 8. Bb5 Nf6 9. Ne5 Bd7 10. Bxc6 Bxc6 11. Nxc6 bxc6 12. Qe2 Qd7 13. Kf1 Kd8 14. d3 Re8 15. Qf3 Kc7 16. h3 Bd6 17. Be3 Rab8 18. Nd2 Rxb2 19. Nb3 c4 20. dxc4 Ne4 21. cxd5 cxd5 22. Kg1 Re6 23. Bd4 Be5 24. Nc5 Nxc5 25. Bxe5+ Kc8 26. c4 Ne4 27. Bxb2 1-0

[Event "Titled Tuesday intern op 06th Aug Early"]
[Site "Chess.com INT"]
[Date "2024.08.06"]
[Round "2"]
[White "Colijn, Stefan"]
[Black "Koutlas, Nikolaos"]
[Result "0-1"]
[WhiteElo "2299"]
[BlackElo "2322"]
[PlyCount "58"]
[EventDate "2024.08.06"]
[EventType "swiss (blitz)"]
[EventRounds "11"]
[EventCountry "USA"]
[SourceTitle "EXT 2025"]
[Source "ChessBase"]
[SourceDate "2024.10.14"]
[SourceVersion "1"]
[SourceVersionDate "2024.10.14"]
[SourceQuality "1"]

1. d4 Nf6 2. Nf3 e6 3. e3 d5 4. Be2 c5 5. 0-0 Nc6 6. b3 Bd6 7. Bb2 0-0 8. Nbd2 cxd4 9. exd4 b6 10. c4 Bb7 11. Re1 Rc8 12. Rc1 Bf4 13. Bf1 dxc4 14. bxc4 Na5 15. g3 Bxf3 16. Nxf3 Bxc1 17. Qxc1 Nxc4 18. Bxc4 b5 19. Ne5 bxc4 20. Ba3 Re8 21. Re2 Qxd4 22. Re3 Red8 23. Bb2 Qd1+ 24. Qxd1 Rxd1+ 25. Kg2 Nd5 26. Ra3 c3 27. Bxc3 Nxc3 28. Rxa7 f6 29. Nc4 Rxc4 0-1

[Event "Titled Tuesday intern op 06th Aug Late"]
[Site "Chess.com INT"]
[Date "2024.08.06"]
[Round "2"]
[White "Koutlas, Nikolaos"]
[Black "Aranda, Juan Manuel"]
[Result "1-0"]
[WhiteElo "2322"]
[BlackElo "2135"]
[PlyCount "59"]
[EventDate "2024.08.06"]
[EventType "swiss (blitz)"]
[EventRounds "11"]
[EventCountry "USA"]
[SourceTitle "EXT 2025"]
[Source "ChessBase"]
[SourceDate "2024.10.14"]
[SourceVersion "1"]
[SourceVersionDate "2024.10.14"]
[SourceQuality "1"]

1. e4 d6 2. d4 Nf6 3. Bd3 g6 4. c3 Bg7 5. Nf3 c5 6. 0-0 0-0 7. Re1 Nc6 8. d5 Nb8 9. h3 e6 10. dxe6 Bxe6 11. Bf4 Nc6 12. Nbd2 Ne5 13. Bxe5 dxe5 14. Bc4 Bxc4 15. Nxc4 Qxd1 16. Raxd1 Rad8 17. Rxd8 Rxd8 18. Nfxe5 b5 19. Nc6 Rd7 20. Na3 a6 21. Re2 Nh5 22. g3 Kf8 23. Nc2 Rd6 24. Na5 Rd1+ 25. Kg2 Rb1 26. Ne3 Nf6 27. Nd5 Nd7 28. Nc6 Nb6 29. Nxb6 b4 30. Nd5 1-0

[Event "Titled Tuesday intern op 06th Aug Early"]
[Site "Chess.com INT"]
[Date "2024.08.06"]
[Round "1"]
[White "Koutlas, Nikolaos"]
[Black "Warsia, Khusbu"]
[Result "0-1"]
[WhiteElo "2322"]
[BlackElo "1809"]
[PlyCount "90"]
[EventDate "2024.08.06"]
[EventType "swiss (blitz)"]
[EventRounds "11"]
[EventCountry "USA"]
[SourceTitle "EXT 2025"]
[Source "ChessBase"]
[SourceDate "2024.10.14"]
[SourceVersion "1"]
[SourceVersionDate "2024.10.14"]
[SourceQuality "1"]

1. Nf3 Nf6 2. g3 d5 3. Bg2 e6 4. 0-0 Be7 5. b3 0-0 6. Bb2 c5 7. e3 Nc6 8. d4 b6 9. c4 Bb7 10. cxd5 exd5 11. Nbd2 Rc8 12. Rc1 Nb4 13. Ra1 Ba6 14. a3 Bxf1 15. Qxf1 Nc6 16. dxc5 bxc5 17. Rd1 Qb6 18. Qd3 c4 19. Qb1 Na5 20. b4 c3 21. bxa5 Qxb2 22. Qxb2 cxb2 23. Bf1 Rc1 24. Re1 Bxa3 25. Bd3 Rfc8 26. Kf1 Bb4 27. a6 Ne4 28. Ke2 Nxd2 29. Nxd2 Bxd2 30. Kxd2 Rxe1 31. Kxe1 Rc1+ 32. Kd2 b1Q 33. Bxb1 Rxb1 34. Kc2 Ra1 35. Kd3 Rxa6 36. Kd4 Ra2 37. Kxd5 Rxf2 38. Kd4 Rxh2 39. Kd3 a5 40. Kd4 a4 41. Kd3 a3 42. Ke4 a2 43. Kf3 a1Q 44. Kg4 Qf6 45. e4 h5# 0-1

[Event "Kavala op-A 33rd"]
[Site "Kavala"]
[Date "2024.08.05"]
[Round "9"]
[White "Koutlas, Nikolaos"]
[Black "Shaik, Sumer Arsh"]
[Result "1-0"]
[WhiteElo "2322"]
[BlackElo "2218"]
[PlyCount "121"]
[EventDate "2024.07.29"]
[EventType "swiss"]
[EventRounds "9"]
[EventCountry "GRE"]
[SourceTitle "EXT 2025"]
[Source "ChessBase"]
[SourceDate "2024.10.14"]
[SourceVersion "1"]
[SourceVersionDate "2024.10.14"]
[SourceQuality "1"]

1. c4 e5 2. d3 Nf6 3. Nf3 Nc6 4. g3 d5 5. cxd5 Nxd5 6. Bg2 Be7 7. 0-0 0-0 8. a3 a5 9. b3 Be6 10. Bb2 f6 11. Nbd2 Nb6 12. Rc1 Qd7 13. Ne4 Bh3 14. Bxh3 Qxh3 15. b4 axb4 16. axb4 Qd7 17. b5 Na5 18. d4 f5 19. Nc3 e4 20. Ne5 Qe8 21. f3 Bd6 22. fxe4 Bxe5 23. dxe5 Nbc4 24. Nd5 Qxb5 25. Bd4 Rad8 26. e6 Rxd5 27. exd5 Qxd5 28. e7 Re8 29. Qd3 g6 30. Bc3 Qc5+ 31. e3 Qd6 32. Qxd6 cxd6 33. Bxa5 Nxa5 34. Rc7 Nc6 35. Rd1 Kf7 36. Rxd6 Rxe7 37. Rdd7 b5 38. Rxe7+ Nxe7 39. Rb7 Ke6 40. Rxb5 Nd5 41. Kf2 g5 42. Ra5 g4 43. Ke2 Nc3+ 44. Kd3 Ne4 45. Kd4 Kf6 46. Ra6+ Kg5 47. Ke5 Nd2 48. Ra8 Nc4+ 49. Kd4 Nd2 50. Rg8+ Kf6 51. Kd5 Kf7 52. Ra8 Nf3 53. Ra6 Kg7 54. Ke6 Kg6 55. Ra8 Ng5+ 56. Ke5 Nf3+ 57. Kf4 h6 58. Ra6+ Kh5 59. Ra5 Nxh2 60. Kxf5 Nf3 61. Ke4+ 1-0

[Event "Kavala op-A 33rd"]
[Site "Kavala"]
[Date "2024.08.04"]
[Round "8"]
[White "Yeritsyan, Hayk"]
[Black "Koutlas, Nikolaos"]
[Result "1-0"]
[WhiteElo "2203"]
[BlackElo "2322"]
[PlyCount "51"]
[EventDate "2024.07.29"]
[EventType "swiss"]
[EventRounds "9"]
[EventCountry "GRE"]
[SourceTitle "EXT 2025"]
[Source "ChessBase"]
[SourceDate "2024.10.14"]
[SourceVersion "1"]
[SourceVersionDate "2024.10.14"]
[SourceQuality "1"]

1. e4 e6 2. d4 d5 3. Nc3 Nf6 4. Bg5 dxe4 5. Nxe4 Be7 6. Bxf6 gxf6 7. Qd2 f5 8. Nc3 c6 9. Nf3 Nd7 10. Bd3 Rg8 11. 0-0 b6 12. Rfe1 Bb7 13. Qh6 Qc7 14. d5 Rg6 15. Qxh7 Nf6 16. Qh3 cxd5 17. Ne5 Rg7 18. Nb5 Qd8 19. Nd4 Rh7 20. Qg3 Kf8 21. Ng6+ Ke8 22. Bb5+ Nd7 23. Ne5 Bd6 24. Qg8+ Ke7 25. Nxf5+ Kf6 26. Ng4+ 1-0

[Event "Kavala op-A 33rd"]
[Site "Kavala"]
[Date "2024.08.03"]
[Round "7"]
[White "Koutlas, Nikolaos"]
[Black "Nalbandyan, Vahan"]
[Result "1-0"]
[WhiteElo "2322"]
[BlackElo "2173"]
[PlyCount "97"]
[EventDate "2024.07.29"]
[EventType "swiss"]
[EventRounds "9"]
[EventCountry "GRE"]
[SourceTitle "EXT 2025"]
[Source "ChessBase"]
[SourceDate "2024.10.14"]
[SourceVersion "1"]
[SourceVersionDate "2024.10.14"]
[SourceQuality "1"]

1. e4 c6 2. d4 d5 3. exd5 cxd5 4. Bd3 Nc6 5. c3 Qc7 6. Nf3 Bg4 7. 0-0 e6 8. Re1 Bd6 9. h3 Bh5 10. Be3 Nge7 11. Nbd2 a6 12. Rc1 b5 13. a4 Bg6 14. Bf1 Rb8 15. b4 Nf5 16. axb5 axb5 17. Ra1 0-0 18. Nb3 Nxe3 19. Rxe3 Bf4 20. Re2 Bh5 21. g4 Bg6 22. Nc5 Rb6 23. Rea2 h5 24. Ra8 Rd8 25. Be2 hxg4 26. hxg4 Qe7 27. R1a6 Rxa6 28. Rxa6 Nb8 29. Rb6 e5 30. dxe5 Be4 31. Qd4 Bxf3 32. Qxf4 Bxe2 33. e6 fxe6 34. Rxe6 Rf8 35. Qe5 Qa7 36. Qxe2 Qa1+ 37. Qe1 Qxe1+ 38. Rxe1 Kh7 39. Re6 Rf6 40. Rxf6 gxf6 41. Ne6 Nd7 42. Nd4 Kg6 43. f4 Nb6 44. Kg2 Na4 45. Nxb5 Kf7 46. Kf3 Ke6 47. Ke3 Nb6 48. Kd4 Kd7 49. g5 1-0

[Event "Kavala op-A 33rd"]
[Site "Kavala"]
[Date "2024.08.01"]
[Round "5"]
[White "Strugnell, Carl"]
[Black "Koutlas, Nikolaos"]
[Result "0-1"]
[WhiteElo "2205"]
[BlackElo "2322"]
[PlyCount "56"]
[EventDate "2024.07.29"]
[EventType "swiss"]
[EventRounds "9"]
[EventCountry "GRE"]
[SourceTitle "EXT 2025"]
[Source "ChessBase"]
[SourceDate "2024.10.14"]
[SourceVersion "1"]
[SourceVersionDate "2024.10.14"]
[SourceQuality "1"]

1. d4 Nf6 2. Nc3 e6 3. Bf4 Bb4 4. Qd3 c5 5. Nf3 b6 6. 0-0-0 Ba6 7. Nb5 0-0 8. c3 d5 9. dxc5 Bxc5 10. e3 Bxb5 11. Qxb5 a6 12. Qe2 b5 13. Ne5 Bd6 14. Nd3 Be7 15. g4 Nc6 16. g5 Nd7 17. h4 a5 18. Kb1 b4 19. Rc1 b3 20. a3 Nb6 21. e4 Nc4 22. Rd1 Bxa3 23. Bc1 Be7 24. Nf4 Qe8 25. Be3 N6e5 26. Nd3 Nxd3 27. Qxd3 Qa4 28. Kc1 Nxb2 0-1